| 000 | 00472nam a2200181Ia 4500 | ||
|---|---|---|---|
| 001 | 23128 | ||
| 005 | 20260414150917.0 | ||
| 008 | 260414t2018||||xx |||||||||||||| ||spa|| | ||
| 041 | _aESP | ||
| 082 |
_a624.18341 _bA53CI |
||
| 110 | _aAmerican Concrete Institute | ||
| 245 | 0 |
_aACI collection of concrete codes, specifications, and practices _b |
|
| 260 | _c2018 | ||
| 300 |
_axi, 74 páginas : _c28 cm. |
||
| 650 | _a0 | ||
| 654 | _aCIC | ||
| 942 |
_cLIB _dJUS _fJUS _2ddc _n |
||
| 999 |
_c23128 _d23128 |
||